| 000 | 00809pam a2200265 a 4500 | ||
|---|---|---|---|
| 001 | 2806298 | ||
| 003 | OSt | ||
| 005 | 20150729095726.0 | ||
| 008 | 821022s1983 nyu b 001 0 eng | ||
| 010 | _a 82020107 | ||
| 020 |
_a0471870625 : _c$15.95 (est.) |
||
| 020 |
_a047186577X (pbk.) : _c$10.95 (est.) |
||
| 040 | _aSEKU | ||
| 050 | 0 | 0 |
_aHF 5382.7 _b.A8 1983 |
| 100 | 1 |
_aAustin, Margaret Faughnan, _d1945- |
|
| 245 | 1 | 0 |
_aBridges to success : _bfinding jobs and changing careers _cMargaret Faughnan Austin and Harriet Mason Vines. |
| 260 |
_aNew York : _bWiley, _cc1983. |
||
| 300 |
_ax, 301 p. ; _c23 cm. |
||
| 500 | _aIncludes index. | ||
| 504 | _aBibliography: p. 287-297. | ||
| 650 | 0 | _aJob hunting. | |
| 650 | 0 | _aCareer changes. | |
| 700 | 1 |
_aVines, Harriet Mason, _d1936- |
|
| 942 |
_2lcc _cGEN |
||
| 999 |
_c7530 _d7530 |
||